| 000 | 00989nam a2200277Ia 4500 | ||
|---|---|---|---|
| 003 | OSt | ||
| 005 | 20221005105331.0 | ||
| 006 | a|||||r|||| 00| 0 | ||
| 007 | ta | ||
| 008 | 221004b |||||||| |||| 00| 0 hin d | ||
| 020 |
_a97809381313480 (hbk) _cINR 450.00 |
||
| 024 | _a66701 | ||
| 037 |
_b989/19, 19/12/2019, Literacy House _cTextual |
||
| 040 |
_aCRL _cCRL _bhin |
||
| 041 |
_2hin _ahin |
||
| 082 | _aR65,6:g, 152Q4 | ||
| 100 | _aझा, वीणा, ले. | ||
| 245 | 0 | _aश्रीमद्भगवद्गीता योगसार | |
| 246 | _aShrīmadbhagavadgītā yogasāra | ||
| 260 |
_aनई दिल्ली _bजानकी प्रकाशन भारत _c2014 |
||
| 300 |
_a138पृ0 _ccm. |
||
| 650 | _a भगवत् गीता | ||
| 650 | _aभारतीय दर्शन | ||
| 942 |
_hR65,6:g, 152Q4 _cTEXL _2cc |
||
| 999 |
_c1015499 _d1015499 |
||